Epicentri dei terremoti italiani più forti (mappa) - Morte improvvisa - Statistics

Statistiche generali
  • Questo quiz è stato fatto 137 volte
  • Il punteggio medio è 1 su 7
Answers on the Grid
Answers color-coded by a green-red scale on the quiz's grid according to % correct below.
 
Statistiche sulle risposte
Risposta % Corretto
46%
23%
15%
15%
0%
0%
0%
Nessun quiz corrispondente trovato
Distribuzione punteggi
Percentuale di utenti per punteggio
Percentile per numero di risposta
I tuoi punteggi nel tempo
Non hai fatto questo quiz